[Event "Sinquefield Cup"]
[Site "Saint Louis USA"]
[Date "2025.08.24"]
[Round "6.2"]
[White "Dommaraju Gukesh"]
[Black "Alireza Firouzja"]
[Result "1/2-1/2"]
[EventDate "2025.08.18"]
[WhiteElo "2776"]
[BlackElo "2766"]
[PlyCount "156"]

1. e4 c5 2. Nf3 d6 3. d4 cxd4 4. Nxd4 Nf6 5. Nc3 a6 6. Be2 e5 7. Nb3 Be7 8. O-O O-O 9. Re1 Nc6 10. Bf1 a5 11. Nd2 Bg4 12. f3 Be6 13. Nc4 Nd4 14. a4 Rc8 15. Ne3 Nh5 16. g3 Qb6 17. Kh1 Nf6 18. Nb5 Nd7 19. Ra3 Nc5 20. Nc3 Qd8 21. Ned5 Na6 22. Bxa6 bxa6 23. Be3 Bxd5 24. exd5 Rc4 25. Qd3 Qc8 26. Bxd4 Rxd4 27. Qe2 f5 28. Rb3 Bg5 29. f4 exf4 30. Qe6+ Kh8 31. Qxc8 Rxc8 32. Rb6 fxg3 33. hxg3 h6 34. Rxa6 Bd2 35. Nb5 Rxd5 36. Re2 Rxc2 37. Rxd6 Rxd6 38. Nxd6 Rxb2 39. Kg2 Bc3 40. Rxb2 Bxb2 41. Nxf5 Kg8 42. Kf3 Kf7 43. g4 Kf6 44. Ne3 Kg5 45. Nc4 Bc3 46. Ne3 Be5 47. Nc4 Bc7 48. Ne3 g6 49. Nd5 Bd6 50. Ne3 Kh4 51. Kg2 Bf4 52. Nc4 Bc7 53. Ne3 Be5 54. Nc4 Bc3 55. Ne3 Bb4 56. Kf3 Kh3 57. Nc4 h5 58. gxh5 gxh5 59. Ne5 Bd6 60. Nf7 Bc7 61. Ng5+ Kh2 62. Ne4 Bd8 63. Nf2 Be7 64. Nd3 Bd6 65. Nf2 Bb8 66. Ne4 Ba7 67. Nf6 h4 68. Ne4 Bb6 69. Kg4 Bd8 70. Nf2 Kg2 71. Nh3 Kf1 72. Nf4 Kf2 73. Ng6 Ke3 74. Ne5 Bc7 75. Nc4+ Kd4 76. Nxa5 Bxa5 77. Kxh4 Bb4 78. a5 Bxa5 1/2-1/2

[Event "Saint Louis Rapid"]
[Site "Saint Louis, MO USA"]
[Date "2025.08.13"]
[Round "7.4"]
[White "Dommaraju Gukesh"]
[Black "Dominguez Perez, Leinier"]
[Result "0-1"]
[EventDate "2025.08.11"]
[WhiteElo "2776"]
[BlackElo "2738"]
[PlyCount "90"]

1. Nf3 Nf6 2. b3 d5 3. Bb2 c5 4. e3 g6 5. c4 dxc4 6. bxc4 Bg7 7. Be2 O-O 8. O-O b6 9. d4 cxd4 10. exd4 e6 11. Nc3 Bb7 12. Ba3 Re8 13. Nb5 Ne4 14. Bd3 a6 15. Bxe4 axb5 16. Bxb7 Rxa3 17. cxb5 Qd7 18. Qc1 Ra4 19. Be4 Qxb5 20. Rd1 Qd7 21. Qb2 Ra5 22. Rac1 Qa7 23. Rc2 Nd7 24. Qc1 Nf6 25. Rc7 Qb8 26. Bb1 Nd5 27. Rc6 Ne7 28. Rc4 Rd8 29. h4 h5 30. Qb2 Bf6 31. Be4 Qa7 32. Rd2 Kg7 33. Rdc2 Rd7 34. g3 Nf5 35. Rb4 Rd6 36. Kg2 Ne7 37. Ne5 Ra4 38. Bf3 Rxb4 39. Qxb4 Rd8 40. Rc4 Qa5 41. Qb2 Bxe5 42. dxe5 Rd2 43. Qb4 Qxa2 44. Qxe7 Rxf2+ 45. Kg1 Rxf3 0-1

[Event "Saint Louis Rapid"]
[Site "Saint Louis, MO USA"]
[Date "2025.08.13"]
[Round "8.1"]
[White "Wesley So"]
[Black "Dommaraju Gukesh"]
[Result "0-1"]
[EventDate "2025.08.11"]
[WhiteElo "2745"]
[BlackElo "2776"]
[PlyCount "90"]

1. e4 e5 2. Nf3 Nc6 3. Bc4 Bc5 4. O-O Nf6 5. d3 d6 6. c3 a6 7. Re1 O-O 8. h3 Ba7 9. a4 h6 10. Nbd2 Re8 11. b4 Qe7 12. Rb1 Be6 13. b5 axb5 14. Rxb5 Nd7 15. Qc2 Bb6 16. Bxe6 Qxe6 17. Nc4 Ra6 18. Nxb6 cxb6 19. Be3 Rea8 20. Ra1 Ne7 21. Rab1 Rxa4 22. Bxb6 Nxb6 23. Rxb6 Ng6 24. Rxb7 Nf4 25. Kh2 Ra2 26. R7b2 Rxb2 27. Rxb2 Ra1 28. Nh4 g6 29. Nf3 Kg7 30. Ng1 Qc8 31. g3 Ne6 32. Nf3 Qa6 33. Qe2 Qa3 34. Qc2 Nc5 35. Nd2 Qa6 36. Nc4 Nxe4 37. Rb6 Qc8 38. h4 Nf6 39. Nxd6 Qc5 40. Qb2 Ng4+ 41. Kg2 Qd5+ 42. Ne4 Ra2 43. Qb5 Rxf2+ 44. Kh3 h5 45. Rxg6+ fxg6 0-1

[Event "Saint Louis Rapid"]
[Site "Saint Louis, MO USA"]
[Date "2025.08.13"]
[Round "9.4"]
[White "Dommaraju Gukesh"]
[Black "Fabiano Caruana"]
[Result "1-0"]
[EventDate "2025.08.11"]
[WhiteElo "2776"]
[BlackElo "2784"]
[PlyCount "178"]

1. e4 e5 2. Nf3 Nc6 3. Bc4 Bc5 4. c3 Nf6 5. d3 d6 6. O-O h6 7. Re1 O-O 8. h3 a5 9. Nbd2 a4 10. Bb5 Bd7 11. Nf1 Ne7 12. Bxd7 Nxd7 13. d4 Bb6 14. Ng3 f5 15. Qd3 f4 16. Nf1 Kh8 17. N1h2 Ng6 18. Bd2 c5 19. dxc5 Nxc5 20. Qc2 Qc7 21. Rad1 Rfd8 22. Re2 Qf7 23. c4 Ne7 24. Ne1 Nc6 25. Nhf3 Kh7 26. Nd3 g5 27. Nb4 Rg8 28. Bc3 g4 29. hxg4 Rxg4 30. Rxd6 Rag8 31. Nd5 Rxg2+ 32. Kf1 Bd8 33. Rxd8 Nxd8 34. Bxe5 Nd7 35. Ke1 Ne6 36. Qxa4 Ng5 37. Nxg5+ R8xg5 38. Bd4 Ne5 39. Qb3 Nc6 40. Bf6 Rg6 41. Qc3 h5 42. e5 Qe6 43. Nxf4 Rg1+ 44. Kd2 Qd7+ 45. Qd3 Qxd3+ 46. Kxd3 R6g4 47. Ke4 h4 48. f3 Nd4 49. Rh2 Re1+ 50. Kxd4 Rxf4+ 51. Kd5 Kg6 52. Bxh4 Rd1+ 53. Kc5 Kf5 54. Bf6 Rxf3 55. Rh7 Ra1 56. Rxb7 Rxa2 57. b4 Rc2 58. Rc7 Rfc3 59. Kb5 Rb3 60. Ka4 Rb1 61. Ka5 Ra2+ 62. Kb5 Rab2 63. Be7 Kxe5 64. Bf8 Ke4 65. Rd7 Rf1 66. Bg7 Rb3 67. c5 Rc1 68. Rd6 Kf5 69. c6 Rg3 70. Bb2 Rc2 71. Bd4 Rg8 72. Bb6 Rb8 73. Ka6 Ra2+ 74. Kb5 Rc2 75. Rh6 Ke5 76. Rh7 Ke6 77. Rb7 Rc8 78. Bc5 Ra2 79. Re7+ Kd5 80. Rd7+ Ke6 81. Re7+ Kd5 82. c7 Raa8 83. Rd7+ Ke6 84. Rd6+ Ke5 85. Kb6 Rg8 86. Kb7 Rae8 87. b5 Ke4 88. b6 Rg7 89. Kc6 1-0

[Event "Saint Louis Rapid"]
[Site "Saint Louis, MO USA"]
[Date "2025.08.11"]
[Round "1.3"]
[White "Levon Aronian"]
[Black "Dommaraju Gukesh"]
[Result "1-0"]
[EventDate "2025.08.11"]
[WhiteElo "2737"]
[BlackElo "2776"]
[PlyCount "90"]

1. e4 c6 2. d4 d5 3. exd5 cxd5 4. Bd3 Nc6 5. c3 Nf6 6. Bf4 Bg4 7. Qb3 e5 8. h3 Be6 9. Bxe5 Nxe5 10. dxe5 Nd7 11. Nf3 Qc7 12. O-O O-O-O 13. Re1 g5 14. Nbd2 h5 15. Nd4 a6 16. N2f3 g4 17. Ng5 Nc5 18. Qc2 gxh3 19. Bf5 hxg2 20. b4 Qe7 21. f4 Nd7 22. Bxe6 fxe6 23. Ndxe6 Re8 24. c4 dxc4 25. Qxc4+ Kb8 26. Qc7+ Ka7 27. b5 Nb6 28. bxa6 Qxc7 29. Nxc7 Rc8 30. Rac1 bxa6 31. Nce6 Bb4 32. Rxc8 Rxc8 33. Re2 Nd5 34. Kxg2 Rc3 35. Kh2 h4 36. Ne4 Rf3 37. Nf6 Ne3 38. Nd4 Nf1+ 39. Kg2 Rxf4 40. Nc6+ Kb7 41. Nxb4 Ng3 42. Rb2 Kc8 43. Nbd5 Rd4 44. e6 Nf5 45. Rf2 1-0

[Event "Saint Louis Rapid"]
[Site "Saint Louis, MO USA"]
[Date "2025.08.11"]
[Round "2.5"]
[White "Dommaraju Gukesh"]
[Black "Grigoriy Oparin"]
[Result "1-0"]
[EventDate "2025.08.11"]
[WhiteElo "2776"]
[BlackElo "2660"]
[PlyCount "64"]

1. e4 c5 2. Nf3 Nc6 3. Bb5 d6 4. O-O Bd7 5. Re1 a6 6. Bf1 Nf6 7. h3 e5 8. c3 Be7 9. d4 b5 10. d5 Na7 11. a4 O-O 12. axb5 axb5 13. b4 c4 14. Re2 Nc6 15. Rxa8 Qxa8 16. dxc6 Bxc6 17. Nbd2 Nxe4 18. Nxe4 Bxe4 19. Be3 h6 20. Rd2 Qa3 21. Rxd6 Bxd6 22. Qxd6 Bxf3 23. Qxe5 Bb7 24. Bd4 f6 25. Qxb5 Qa8 26. Bxc4+ Kh8 27. f3 Rc8 28. Bd3 Bd5 29. Qd7 Bg8 30. Qf5 Rd8 31. Qxf6 gxf6 32. Bxf6# 1-0

[Event "Saint Louis Rapid"]
[Site "Saint Louis, MO USA"]
[Date "2025.08.11"]
[Round "3.2"]
[White "Quang Liem Le"]
[Black "Dommaraju Gukesh"]
[Result "0-1"]
[EventDate "2025.08.11"]
[WhiteElo "2729"]
[BlackElo "2776"]
[PlyCount "84"]

1. d4 Nf6 2. c4 e6 3. Nf3 h6 4. g3 Bb4+ 5. Bd2 Be7 6. Bg2 d5 7. O-O O-O 8. Qc2 c6 9. Rd1 Nbd7 10. Bf4 a5 11. a3 a4 12. Nc3 Qa5 13. Ne5 Nxe5 14. dxe5 Nd7 15. cxd5 exd5 16. Rac1 Nb6 17. e4 Bg4 18. Rd3 Rfd8 19. h3 Be6 20. exd5 cxd5 21. Qd1 Bf8 22. Bd2 Qa6 23. Rd4 Bc5 24. Rh4 Nc4 25. Nxd5 Bxf2+ 26. Kxf2 Nxb2 27. Ne7+ Kf8 28. Qc2 Nd3+ 29. Kg1 Kxe7 30. Rb1 Bb3 31. Bb4+ Ke8 32. Qc7 Rd7 33. Qc3 Qb6+ 34. Kh2 Nxb4 35. Rxb4 Qc7 36. Qe3 Qc2 37. Rc1 Qd2 38. Qc5 Rad8 39. Rc3 Qa2 40. Rf3 Rd2 41. Qb5+ Kf8 42. Qf1 Rxg2+ 0-1

[Event "Sinquefield Cup"]
[Site "Saint Louis, MO USA"]
[Date "2024.08.28"]
[Round "9.1"]
[White "Dommaraju Gukesh"]
[Black "Wesley So"]
[Result "1/2-1/2"]
[EventDate "2024.08.19"]
[WhiteElo "2766"]
[BlackElo "2751"]
[PlyCount "70"]

1. d4 Nf6 2. c4 e6 3. Nc3 Bb4 4. Nf3 c5 5. dxc5 Na6 6. Bd2 Nxc5 7. e3 Bxc3 8. Bxc3 Nce4 9. Bb4 d6 10. Be2 Qb6 11. Ba3 O-O 12. O-O e5 13. Nd2 Rd8 14. Nxe4 Nxe4 15. Qc2 Bf5 16. Bd3 d5 17. Rad1 Rac8 18. Qb1 Bg4 19. cxd5 Bxd1 20. Bxe4 Be2 21. Re1 Bc4 22. Bxh7+ Kh8 23. Bf5 Bxd5 24. Bxc8 Rxc8 25. Rd1 Qc6 26. f3 Qb6 27. Re1 Bxa2 28. Qxa2 Rc1 29. Rxc1 Qxe3+ 30. Kf1 Qd3+ 31. Ke1 Qe3+ 32. Kd1 Qd3+ 33. Ke1 Qe3+ 34. Kd1 Qd3+ 35. Ke1 1/2-1/2

[Event "Sinquefield Cup"]
[Site "Saint Louis, MO USA"]
[Date "2024.08.27"]
[Round "8.4"]
[White "Anish Giri"]
[Black "Dommaraju Gukesh"]
[Result "1/2-1/2"]
[EventDate "2024.08.19"]
[WhiteElo "2746"]
[BlackElo "2766"]
[PlyCount "46"]

1. e4 e5 2. Nf3 Nc6 3. Bb5 a6 4. Ba4 Nf6 5. O-O Be7 6. d3 b5 7. Bb3 O-O 8. Nc3 d6 9. a3 h6 10. h3 Rb8 11. Be3 Re8 12. Nd5 Bf8 13. c4 Bd7 14. Qd2 bxc4 15. Bxc4 Nxd5 16. Bxd5 Ne7 17. Bc4 c6 18. Bxa6 d5 19. Nxe5 Ra8 20. Bb7 Rb8 21. Ba6 Ra8 22. Bb7 Rb8 23. Ba6 Ra8 1/2-1/2

[Event "Sinquefield Cup"]
[Site "Saint Louis, MO USA"]
[Date "2024.08.26"]
[Round "7.5"]
[White "Fabiano Caruana"]
[Black "Dommaraju Gukesh"]
[Result "1/2-1/2"]
[EventDate "2024.08.19"]
[WhiteElo "2793"]
[BlackElo "2766"]
[PlyCount "120"]

1. e4 e5 2. Nf3 Nc6 3. Bc4 Nf6 4. d3 a6 5. O-O h6 6. c3 d6 7. Re1 g5 8. Na3 Bg7 9. Nc2 b5 10. Bb3 Na5 11. Ne3 Nxb3 12. axb3 Ng8 13. Nf5 Bxf5 14. exf5 g4 15. Nd2 Qg5 16. c4 bxc4 17. Nxc4 Qxf5 18. d4 Ne7 19. dxe5 dxe5 20. Ne3 Qd7 21. Qxg4 Qxg4 22. Nxg4 f6 23. f4 h5 24. Nf2 O-O 25. Bd2 Rab8 26. Ra3 Nf5 27. fxe5 fxe5 28. b4 Rb6 29. Rh3 h4 30. Bc3 Re8 31. Re4 Rg6 32. Nd3 Re7 33. Nc5 Bf6 34. Rf3 Nd6 35. Re2 Nb5 36. h3 Bg7 37. Re4 Bf6 38. Nd3 Reg7 39. Rf2 Nxc3 40. bxc3 Rg3 41. Nxe5 Bxe5 42. Rxe5 Rxh3 43. Rc5 Rd3 44. Kh2 Rgg3 45. Rc2 h3 46. Rxc7 Kf8 47. gxh3 Rxh3+ 48. Kg2 Ke8 49. c4 Rhg3+ 50. Kf2 Rgf3+ 51. Ke1 Kd8 52. Rg7 Rde3+ 53. Kd1 Rf1+ 54. Kd2 Rb3 55. Ke2 Rh1 56. Rd2+ Kc8 57. Rg8+ Kc7 58. Rg7+ Kc8 59. Rg8+ Kc7 60. Rg7+ Kc8 1/2-1/2

[Event "Sinquefield Cup"]
[Site "Saint Louis, MO USA"]
[Date "2024.08.25"]
[Round "6.2"]
[White "Dommaraju Gukesh"]
[Black "Vachier-Lagrave, Maxime"]
[Result "1/2-1/2"]
[EventDate "2024.08.19"]
[WhiteElo "2766"]
[BlackElo "2721"]
[PlyCount "144"]

1. e4 c5 2. Nf3 d6 3. d4 cxd4 4. Nxd4 Nf6 5. Nc3 a6 6. Bd3 e5 7. Nde2 Nc6 8. Be3 Be6 9. f4 exf4 10. Nxf4 Ne5 11. O-O Be7 12. Bd4 Rc8 13. h3 O-O 14. Nce2 Bd7 15. Qe1 Bc6 16. Rd1 Re8 17. Ng3 g6 18. Bxa6 Nfd7 19. Bd3 Bh4 20. Nfe2 Nc5 21. Nc3 Ne6 22. Be3 Ng7 23. Be2 f5 24. Bf2 f4 25. Nh1 Bg5 26. Bd4 Bh4 27. Qd2 Ne6 28. Nf2 Nxd4 29. Qxd4 Qg5 30. Nd3 Bg3 31. Nxe5 dxe5 32. Qb6 Kh8 33. Bb5 Red8 34. Bxc6 bxc6 35. Ne2 Bh4 36. Rxd8+ Qxd8 37. Qxd8+ Rxd8 38. Rc1 Rd2 39. Kf1 g5 40. a4 h5 41. a5 g4 42. hxg4 hxg4 43. a6 f3 44. gxf3 gxf3 45. Nc3 Rh2 46. Kg1 Bg3 47. a7 f2+ 48. Kf1 Rh1+ 49. Kg2 Rxc1 50. a8=Q+ Kg7 51. Qb7+ Kg6 52. Qxc6+ Kg5 53. Qc4 Rg1+ 54. Kh3 f1=Q+ 55. Qxf1 Rxf1 56. Kxg3 Rc1 57. Kf3 Rxc2 58. Nd1 Rd2 59. Nf2 Rxb2 60. Nd3 Rb5 61. Ke3 Kg4 62. Ke2 Ra5 63. Ke3 Ra3 64. Ke2 Rxd3 65. Kxd3 Kf3 66. Kd2 Kxe4 67. Ke2 Kd4 68. Kd2 e4 69. Ke2 e3 70. Ke1 Kd3 71. Kd1 e2+ 72. Ke1 Ke3 1/2-1/2

[Event "Sinquefield Cup"]
[Site "Saint Louis, MO USA"]
[Date "2024.08.23"]
[Round "5.3"]
[White "Nodirbek Abdusattorov"]
[Black "Dommaraju Gukesh"]
[Result "1/2-1/2"]
[EventDate "2024.08.19"]
[WhiteElo "2762"]
[BlackElo "2766"]
[PlyCount "92"]

1. e4 e5 2. Nf3 Nc6 3. Bb5 a6 4. Ba4 Nf6 5. d3 b5 6. Bb3 Be7 7. a4 Rb8 8. axb5 axb5 9. Nc3 O-O 10. O-O d6 11. h3 h6 12. Nd5 Nxd5 13. exd5 Nd4 14. Nxd4 exd4 15. Re1 Bf6 16. Qf3 Kh7 17. Bd2 Bd7 18. Re4 Ra8 19. Rae1 Re8 20. g3 Qc8 21. h4 Re5 22. Rxe5 dxe5 23. Qh5 Kg8 24. d6 Be6 25. Bxe6 Qxe6 26. dxc7 Ra7 27. c3 dxc3 28. Bxc3 Rxc7 29. Bxe5 Rc5 30. d4 Rd5 31. Re3 Qd7 32. Qf3 Bxe5 33. dxe5 Qe6 34. Qe2 Rc5 35. Re4 Rc1+ 36. Kh2 Qc6 37. Qd3 h5 38. b4 Ra1 39. Qe3 Rb1 40. Qe2 Rc1 41. Qd3 Ra1 42. Qe3 Rb1 43. Qe2 Rc1 44. Qd3 Ra1 45. Kh3 Rc1 46. Kh2 Ra1 1/2-1/2

[Event "Sinquefield Cup"]
[Site "Saint Louis, MO USA"]
[Date "2024.08.22"]
[Round "4.5"]
[White "Dommaraju Gukesh"]
[Black "Alireza Firouzja"]
[Result "1/2-1/2"]
[EventDate "2024.08.19"]
[WhiteElo "2766"]
[BlackElo "2751"]
[PlyCount "146"]

1. e4 e5 2. Nf3 Nc6 3. Bb5 Nf6 4. O-O Nxe4 5. d4 Nd6 6. Bxc6 dxc6 7. dxe5 Nf5 8. Qxd8+ Kxd8 9. Nc3 Ke8 10. h3 Ne7 11. Rd1 Ng6 12. b3 Be7 13. Bb2 h5 14. Re1 h4 15. Ne4 Kf8 16. Rad1 Rb8 17. Nf6 Nf4 18. Nd7+ Bxd7 19. Rxd7 Ke8 20. Rdd1 c5 21. Nd2 Kd7 22. Nc4+ Ke6 23. Rd6+ cxd6 24. exd6+ Kd5 25. Re5+ Kc6 26. Rxe7 f6 27. Rxg7 Rhg8 28. Rc7+ Kd5 29. Kf1 b5 30. Ne3+ Kxd6 31. Rh7 Rbf8 32. Rxh4 Nd5 33. Nxd5 Kxd5 34. c4+ bxc4 35. Rxc4 f5 36. h4 Rg4 37. h5 f4 38. h6 Rh4 39. g3 Rh2 40. Bg7 Rf7 41. gxf4 Rf5 42. Ke2 a6 43. Ra4 Rh3 44. f3 Rh1 45. Ke3 Re1+ 46. Kf2 Rh1 47. Re4 Kd6 48. Ke3 Re1+ 49. Kd2 Rh1 50. Ra4 Kd5 51. Rxa6 Rxf4 52. Ke3 Rf7 53. Rg6 Rh3 54. Bf6 Ke6 55. Bh4+ Kf5 56. Rg5+ Kf6 57. Rg4+ Ke6 58. Rg6+ Kf5 59. Rg7 Ke6 60. Rxf7 Kxf7 61. Bg5 Rh2 62. h7 Rxh7 63. Kd3 Rh3 64. Be3 Rxf3 65. Ke4 Rh3 66. Bxc5 Ke6 67. Kd4 Rh4+ 68. Kc3 Kd5 69. Ba7 Kc6 70. a4 Rxa4 71. bxa4 Kb7 72. a5 Kxa7 73. a6 Kxa6 1/2-1/2

[Event "Sinquefield Cup"]
[Site "Saint Louis, MO USA"]
[Date "2024.08.21"]
[Round "3.1"]
[White "Rameshbabu Praggnanandhaa"]
[Black "Dommaraju Gukesh"]
[Result "1/2-1/2"]
[EventDate "2024.08.19"]
[WhiteElo "2749"]
[BlackElo "2766"]
[PlyCount "124"]

1. d4 d5 2. Nf3 Nf6 3. c4 e6 4. g3 Bb4+ 5. Bd2 Be7 6. Bg2 O-O 7. O-O c6 8. Qc2 Nbd7 9. Rd1 a5 10. Bf4 b6 11. Nbd2 Nh5 12. Be5 Ba6 13. e4 Rc8 14. Rac1 Bb7 15. Qb3 f6 16. Bf4 f5 17. exd5 Nxf4 18. gxf4 cxd5 19. Ne5 Bb4 20. Nxd7 Qxd7 21. cxd5 Bxd5 22. Bxd5 Qxd5 23. Qxd5 exd5 24. Nf3 Kf7 25. Kg2 Ke6 26. a4 Bd6 27. Re1+ Kd7 28. Ne5+ Bxe5 29. fxe5 Ke6 30. b3 g5 31. f4 gxf4 32. Kf3 Rg8 33. Rg1 Rxg1 34. Rxc8 Kd7 35. Rb8 Kc7 36. Rh8 Rf1+ 37. Ke2 Rb1 38. Rxh7+ Kc6 39. Rh6+ Kc7 40. Rh7+ Kc6 41. h4 Rb2+ 42. Kf3 Rxb3+ 43. Kxf4 Rb4 44. h5 Rxd4+ 45. Kxf5 Rd1 46. e6 d4 47. Rd7 Rf1+ 48. Kg6 Rg1+ 49. Kf7 Rf1+ 50. Ke8 Rh1 51. e7 Rxh5 52. Rxd4 b5 53. Kf7 Rh7+ 54. Ke6 Rxe7+ 55. Kxe7 bxa4 56. Rxa4 Kb5 57. Rh4 a4 58. Kd6 a3 59. Rh2 Kc4 60. Kc6 Kb3 61. Kb5 a2 62. Rxa2 Kxa2 1/2-1/2

[Event "Sinquefield Cup"]
[Site "Saint Louis, MO USA"]
[Date "2024.08.20"]
[Round "2.2"]
[White "Dommaraju Gukesh"]
[Black "I Nepomniachtchi"]
[Result "1/2-1/2"]
[EventDate "2024.08.19"]
[WhiteElo "2766"]
[BlackElo "2767"]
[PlyCount "120"]

1. d4 Nf6 2. c4 e6 3. g3 d5 4. Bg2 dxc4 5. Nf3 Nc6 6. Qa4 Bb4+ 7. Bd2 Nd5 8. O-O Bxd2 9. Nfxd2 O-O 10. e3 e5 11. Qb5 Nf6 12. dxe5 a6 13. Qxc4 Nxe5 14. Qc2 c6 15. Nc3 a5 16. Rad1 Qe7 17. h3 Be6 18. f4 Nc4 19. Nxc4 Bxc4 20. Rfe1 b5 21. e4 Rad8 22. b3 Be6 23. Qf2 Qb4 24. Qe3 Rxd1 25. Rxd1 Re8 26. g4 h6 27. Qd4 Qxd4+ 28. Rxd4 c5 29. Rd2 c4 30. bxc4 Bxc4 31. e5 b4 32. Na4 Bb5 33. Nc5 Rc8 34. Nb7 Nd7 35. Kf2 Rc3 36. Nd6 Bc6 37. Bxc6 Rxc6 38. Nxf7 Nc5 39. Nd6 a4 40. Ke3 b3 41. axb3 axb3 42. Ne4 Na4 43. Rd8+ Kf7 44. Rb8 b2 45. Rb7+ Kf8 46. Nd2 Rb6 47. Rxb6 Nxb6 48. Kd4 Ke7 49. f5 Nd7 50. h4 Ke8 51. g5 hxg5 52. hxg5 g6 53. fxg6 Nf8 54. g7 Ne6+ 55. Kc3 Kf7 56. Kxb2 Nxg5 57. Kc3 Kxg7 58. Kd4 Nf7 59. Ne4 Nxe5 60. Kxe5 1/2-1/2

[Event "Superbet CRO Rapid 2024"]
[Site "Zagreb CRO"]
[Date "2024.07.12"]
[Round "7.1"]
[White "Dommaraju Gukesh"]
[Black "Fabiano Caruana"]
[Result "0-1"]
[EventDate "2024.07.10"]
[WhiteElo "2763"]
[BlackElo "2796"]
[PlyCount "100"]

1. d4 Nf6 2. c4 e6 3. Nf3 d5 4. Nc3 Bb4 5. Qa4+ Nc6 6. e3 O-O 7. Bd2 dxc4 8. Bxc4 Bd6 9. Qc2 e5 10. dxe5 Nxe5 11. Be2 c6 12. Nd4 Qe7 13. Nf5 Bxf5 14. Qxf5 Rad8 15. O-O Bc7 16. Rfd1 Nd3 17. Bxd3 g6 18. Qf3 Rxd3 19. Qe2 Rfd8 20. Be1 Rxd1 21. Rxd1 Rxd1 22. Nxd1 h5 23. b3 Nd5 24. g3 Be5 25. Nb2 Bf6 26. Nc4 b5 27. Na5 Qc5 28. Kg2 Kg7 29. h4 a6 30. e4 Nc3 31. Qc2 b4 32. Nc4 a5 33. a4 Bd4 34. Qd3 Na2 35. Qc2 Nc3 36. f3 Nd5 37. Bf2 Nb6 38. Bxd4+ Qxd4 39. Nxa5 c5 40. Qf2 Qc3 41. Qe2 c4 42. bxc4 Nxa4 43. c5 Nxc5 44. Qc4 Nd3 45. Kh3 Qa1 46. Kh2 Qb2+ 47. Kh1 Ne5 48. Qf1 b3 49. Qd1 Qc2 50. Qd4 b2 0-1

[Event "Superbet CRO Rapid 2024"]
[Site "Zagreb CRO"]
[Date "2024.07.12"]
[Round "8.5"]
[White "Levon Aronian"]
[Black "Dommaraju Gukesh"]
[Result "1-0"]
[EventDate "2024.07.10"]
[WhiteElo "2729"]
[BlackElo "2763"]
[PlyCount "136"]

1. e4 e5 2. Nf3 Nc6 3. Bc4 Bc5 4. d3 Nf6 5. h3 d6 6. a4 a6 7. c3 O-O 8. Nbd2 Re8 9. Nf1 d5 10. exd5 e4 11. dxe4 Nxe4 12. Be3 Ne5 13. Nxe5 Rxe5 14. Qe2 Nd6 15. Bxc5 Rxe2+ 16. Bxe2 Ne4 17. Be3 Bf5 18. Rd1 Qd7 19. Bd4 Qxa4 20. Ne3 Bg6 21. O-O Re8 22. Ra1 Qd7 23. Rfe1 h6 24. Rad1 Nd6 25. c4 a5 26. Rc1 Nf5 27. Bg4 h5 28. Nxf5 Rxe1+ 29. Rxe1 Bxf5 30. Bxh5 b5 31. cxb5 Qxd5 32. Re8+ Kh7 33. Bc3 Qxb5 34. Bxf7 Qd7 35. Bg8+ Kh6 36. Re5 a4 37. Rd5 Qe8 38. Rxf5 Qxg8 39. Rc5 Qd8 40. Be5 Qe7 41. Rc6+ Kg5 42. f4+ Kf5 43. Rxc7 Qb4 44. Rxg7 Ke4 45. Kh2 Qe1 46. Rg3 Kf5 47. h4 Qe2 48. Rg5+ Ke4 49. h5 Qe1 50. Rg3 Qd1 51. h6 Qd7 52. Rh3 Qh7 53. Rh4 Kf5 54. Bg7 Ke4 55. Kg3 Kf5 56. Rh5+ Kg6 57. Kg4 Kf7 58. Rf5+ Ke6 59. Rf6+ Ke7 60. f5 Qg8 61. Kg5 Qd5 62. Kg6 Qxg2+ 63. Kh7 Qd5 64. Rf8 Kd7 65. Kh8 Qb3 66. h7 Qc4 67. f6 Ke6 68. Kg8 1-0

[Event "Superbet CRO Rapid 2024"]
[Site "Zagreb CRO"]
[Date "2024.07.12"]
[Round "9.4"]
[White "Dommaraju Gukesh"]
[Black "Ivan Saric"]
[Result "1-0"]
[EventDate "2024.07.10"]
[WhiteElo "2763"]
[BlackElo "2690"]
[PlyCount "130"]

1. e4 c5 2. Nf3 d6 3. d4 cxd4 4. Nxd4 Nf6 5. Nc3 a6 6. g3 e5 7. Nde2 Be7 8. Bg2 b5 9. O-O Nbd7 10. b4 Bb7 11. Qd3 O-O 12. Be3 Qc7 13. a4 bxa4 14. Nxa4 Rfc8 15. Nec3 Qc4 16. Rfc1 Rab8 17. Bf1 Qe6 18. Rd1 h5 19. Nd5 Bxd5 20. exd5 Qg4 21. c3 e4 22. Qe2 Qf5 23. Bd4 Ne5 24. Bxe5 Qxe5 25. Qxa6 Bd8 26. Qe2 Nxd5 27. Rac1 Nf6 28. b5 d5 29. c4 Ra8 30. Nb2 d4 31. Nd3 Qf5 32. Nf4 d3 33. Qe3 Ng4 34. Qd4 Be7 35. Bh3 Bc5 36. Bxg4 Qxg4 37. Qxe4 Ra2 38. Rxd3 Rxf2 39. Kh1 g6 40. h3 Qg5 41. Rcd1 Kh7 42. Qd5 Qe7 43. Rf3 Rxf3 44. Qxf3 Re8 45. Nd5 Qe2 46. Qxf7+ Kh6 47. Qf4+ g5 48. Qf6+ Kh7 49. Nc3 Qe3 50. Qf7+ Kh6 51. Qf6+ Kh7 52. Qf7+ Kh6 53. Rf1 Bd4 54. Nd5 Qxg3 55. Rf6+ Bxf6 56. Qxf6+ Kh7 57. Qf7+ Kh6 58. Qxe8 Qxh3+ 59. Kg1 Qg4+ 60. Kf2 Qh4+ 61. Kf3 Qh1+ 62. Ke2 Qg2+ 63. Kd3 Qf3+ 64. Ne3 h4 65. Qc6+ 1-0

[Event "Superbet CRO Rapid 2024"]
[Site "Zagreb CRO"]
[Date "2024.07.11"]
[Round "4"]
[White "Vachier-Lagrave, Maxime"]
[Black "Dommaraju Gukesh"]
[Result "0-1"]
[EventDate "2024.07.10"]
[WhiteElo "2718"]
[BlackElo "2763"]
[PlyCount "86"]

1. e4 c5 2. Nf3 Nc6 3. Bc4 Nf6 4. e5 d5 5. Bb5 Ng8 6. d4 e6 7. c3 Bd7 8. Ba4 cxd4 9. cxd4 Nge7 10. Nc3 Ng6 11. h4 h6 12. h5 Nge7 13. Bc2 Rc8 14. O-O Na5 15. Bd3 Qb6 16. Rb1 a6 17. Be3 Nc4 18. Qe2 Qa5 19. Nd2 b5 20. Nb3 Qd8 21. Nc5 Nc6 22. b4 Bxc5 23. bxc5 Qh4 24. g3 Qh3 25. a4 Ne7 26. axb5 axb5 27. Nxb5 Bxb5 28. Rxb5 O-O 29. Rc1 Nxe3 30. Qxe3 Qxh5 31. Kg2 f5 32. exf6 Rxf6 33. Rh1 Qf7 34. Rb2 Rf8 35. f4 Nc6 36. Rb6 Ne7 37. Re1 Ra8 38. Re2 Qh5 39. Qe5 Nf5 40. Bxf5 Rxf5 41. Qxe6+ Kh7 42. Rb1 Ra3 43. Rh1 Qf3+ 0-1

[Event "Superbet CRO Rapid 2024"]
[Site "Zagreb CRO"]
[Date "2024.07.11"]
[Round "5"]
[White "Dommaraju Gukesh"]
[Black "Santosh Gujrathi Vidit"]
[Result "1/2-1/2"]
[EventDate "2024.07.10"]
[WhiteElo "2763"]
[BlackElo "2720"]
[PlyCount "102"]

1. e4 e5 2. Nf3 Nc6 3. g3 Nf6 4. d3 Bc5 5. Bg2 d6 6. O-O O-O 7. h3 a5 8. c4 h6 9. Nc3 Nh7 10. Kh2 f5 11. exf5 Bxf5 12. Be3 Qd7 13. Bxc5 dxc5 14. Nh4 Qxd3 15. Bd5+ Kh8 16. Qe1 g5 17. Rd1 Qxf1 18. Qxf1 gxh4 19. Qe2 hxg3+ 20. fxg3 e4 21. Bxc6 bxc6 22. Qh5 Rf6 23. g4 Bg6 24. Qxc5 Ng5 25. h4 Nf3+ 26. Kg3 Re8 27. Qe3 Bh7 28. Ne2 Ne5 29. Qc5 Rf3+ 30. Kg2 Nxg4 31. Rd7 Rg8 32. Qd4+ Nf6+ 33. Kh2 e3 34. Re7 Rf2+ 35. Kh1 Rf1+ 36. Kh2 c5 37. Qc3 Rf2+ 38. Kh1 Rf1+ 39. Kh2 Rf2+ 40. Kh1 Rf1+ 41. Kh2 Rf2+ 42. Kh1 Rf1+ 43. Kh2 Rf2+ 44. Kh1 Rf1+ 45. Kh2 Rf2+ 46. Kh1 Rf1+ 47. Kh2 Rf2+ 48. Kh1 Rf1+ 49. Kh2 Rf2+ 50. Kh1 Rf1+ 51. Kh2 1/2-1/2

[Event "Superbet CRO Rapid 2024"]
[Site "Zagreb CRO"]
[Date "2024.07.11"]
[Round "6.1"]
[White "Ian Nepomniachtchi"]
[Black "Dommaraju Gukesh"]
[Result "0-1"]
[EventDate "2024.07.10"]
[WhiteElo "2770"]
[BlackElo "2763"]
[PlyCount "110"]

1. e4 c5 2. Nf3 Nc6 3. Nc3 Nf6 4. Bb5 Nd4 5. e5 Nxb5 6. Nxb5 Nd5 7. O-O a6 8. c4 Nb4 9. Nc3 d6 10. exd6 Qxd6 11. d4 cxd4 12. Ne4 Qc6 13. Re1 Bg4 14. Bf4 O-O-O 15. Neg5 Bxf3 16. Nxf3 Qf6 17. Bg3 d3 18. Re5 Nc6 19. Rd5 Qxb2 20. Rxd8+ Nxd8 21. Ne5 f6 22. Nxd3 Qd4 23. Rb1 e5 24. Qb3 Be7 25. Rd1 Qe4 26. f3 Qc6 27. Bf2 Ne6 28. Nb4 Bxb4 29. Qxb4 Rd8 30. Rb1 Rd7 31. Bb6 Qd6 32. Qb3 Qd3 33. Qb4 Qd2 34. Qb3 Nf4 35. Bf2 Ne2+ 36. Kh1 Nd4 37. Qa3 Ne6 38. Bg1 Qd3 39. Qb2 Kd8 40. c5 Ke7 41. Qb6 Nd8 42. Rb3 Qd5 43. Qa7 Kf7 44. Qa8 h6 45. h3 Kg6 46. Qc8 Qc6 47. Qb8 Qc7 48. Qa8 Rd1 49. Qa7 Qa5 50. c6 Nxc6 51. Qe3 Qd5 52. Rxb7 Nd4 53. Rb2 Nf5 54. Qf2 Rf1 55. Qc2 Qd4 0-1

[Event "Superbet CRO Rapid 2024"]
[Site "Zagreb CRO"]
[Date "2024.07.10"]
[Round "1"]
[White "Wesley So"]
[Black "Dommaraju Gukesh"]
[Result "1-0"]
[EventDate "2024.07.10"]
[WhiteElo "2757"]
[BlackElo "2763"]
[PlyCount "80"]

1. e4 c5 2. Nf3 Nc6 3. Bb5 g6 4. Bxc6 dxc6 5. d3 Qc7 6. a4 a5 7. e5 Nh6 8. O-O Nf5 9. c3 b6 10. Qe2 Ba6 11. Rd1 Rd8 12. Bf4 Ng7 13. Bh6 Ne6 14. Bxf8 Kxf8 15. Qe3 Kg7 16. Na3 Rd5 17. h4 h6 18. Rd2 Rd7 19. Rad1 b5 20. d4 bxa4 21. dxc5 Rhd8 22. Nd4 Nxc5 23. h5 Nb3 24. hxg6 Nxd4 25. Rxd4 fxg6 26. e6 Rxd4 27. Rxd4 Rxd4 28. Qxd4+ Kg8 29. Qd7 Qd6 30. Qe8+ Kg7 31. Qf7+ Kh8 32. Qxg6 Qd1+ 33. Kh2 Qd6+ 34. g3 Bd3 35. Qxh6+ Kg8 36. Qg5+ Kh7 37. Qh5+ Kg7 38. Qg4+ Kf6 39. Nc4 Qxe6 40. Qd4+ 1-0